000 01453nam a2200265Ii 4500
003 JO-AjNU
005 20240623131815.0
008 230605s9999||||xx |||||||||||||| ||und||
040 _aJO-AjNU
_bara
_erda
_cJO-AjNU
041 _aara
050 _aHG3383.
_bA6.N8943 2010
100 1 _aنوي، فطيمة الزهرة
_964883
_eمعد
245 0 _aتقييم كفاءة أداء البنوك الجزائرية باستخدام النسب المالية ونموذج حد التكلفة العشوائية خلال الفترة(2004- 2008) = Evaluating Performance Efficiency of Algerian Banks By Using Financial Ratios and Stochastic Cost Frontier Analysis During the Period(2004-2008 /
_cإعداد فطيمة الزهرة نوي ؛ إشراف وليد حميدات.
260 _c2010
300 _a147 ورقة
336 _atext
_btxt
_2rdacontent
337 _aunmediated
_bn
_2rdamedia
338 _avolume
_bnc
_2rdacarrier
500 _aرسالة جامعية (ماجستير).- جامعة اليرموك (إربد، الأردن) ، كلية الإقتصاد والعلوم الإدارية ، قسم العلوم المالية والمصرفية، 2010.
501 _aتحتوي على ملاحق
504 _aتحتوي على مراجع باللغتين العربية والانجليزية
650 4 0 _aبنوك-استثمار-الجزائر
_964880
700 1 _aحميدات، وليد
_964882
_eمشرف
942 _2lcc
_cTHS
999 _c32980
_d32980